| 000 | 00796cam a2200277 4500 | ||
|---|---|---|---|
| 008 | 000000n1996 000 0 eng u | ||
| 020 | _a0113220480 | ||
| 035 | _a(Sirsi) u104452 | ||
| 050 | _a725.5 | ||
| 110 |
_aNHS Estates _92893 |
||
| 245 | _aLocal healthcare facilities. Supplement 1. Accommodation for professions allied to medicine. | ||
| 260 |
_aLondon _bStationery Office _c1996 |
||
| 300 | _a15p. : ill. ; 30cm. | ||
| 350 | _a50.00 | ||
| 490 |
_aHealth Building Note _v36 |
||
| 650 | _aHEALTH CENTRES | ||
| 650 | _aCHIROPODY | ||
| 650 | _aOCCUPATIONAL THERAPY | ||
| 650 | _aPHYSIOTHERAPY | ||
| 650 | _aSPEECH THERAPY | ||
| 650 | _aNUTRITION | ||
| 650 | _aORTHOPTICS | ||
| 650 | _aCONSULTATION ROOMS | ||
| 690 | _aBUILT ENVIRONMENT-CONSTRUCTION DESIGN | ||
| 942 | _n0 | ||
| 999 |
_c100256 _d100256 |
||